| 000 | 00469nam a2200181Ia 4500 | ||
|---|---|---|---|
| 005 | 20250508160621.0 | ||
| 008 | 008 250505s9999 xx 000 0 eng d | ||
| 037 | _aTextual | ||
| 040 |
_aFEDL _beng _cFEDL |
||
| 041 |
_aeng _2eng |
||
| 084 |
_a808.507, MER _qFEDL |
||
| 100 |
_aLewis George L (et. al...) _9768942 |
||
| 245 | 0 | _aTeaching speech | |
| 260 | _c1969 | ||
| 300 | _ax,563p. | ||
| 942 |
_cTEXL _h808.507, MER |
||
| 999 |
_c1365645 _d1365645 |
||